<?xml version="1.0" encoding="UTF-8"?>
<record
    xmlns:xsi="http://www.w3.org/2001/XMLSchema-instance"
    xsi:schemaLocation="http://www.loc.gov/MARC21/slim http://www.loc.gov/standards/marcxml/schema/MARC21slim.xsd"
    xmlns="http://www.loc.gov/MARC21/slim">

  <leader>00613cam9a220020500 4500</leader>
  <controlfield tag="001">tmp15763094</controlfield>
  <controlfield tag="003">UPRA</controlfield>
  <controlfield tag="005">20190819092335.0</controlfield>
  <controlfield tag="008">951023n        xx                  eng u</controlfield>
  <datafield tag="035" ind1=" " ind2=" ">
    <subfield code="a">(Sirsi) r42927</subfield>
  </datafield>
  <datafield tag="035" ind1=" " ind2=" ">
    <subfield code="a">(UPRA)tmp15763094</subfield>
  </datafield>
  <datafield tag="040" ind1=" " ind2=" ">
    <subfield code="c">UPRA</subfield>
  </datafield>
  <datafield tag="100" ind1="1" ind2=" ">
    <subfield code="a">Blyth, Reginald Horace.</subfield>
    <subfield code="6">A732.1</subfield>
  </datafield>
  <datafield tag="245" ind1="1" ind2="0">
    <subfield code="a">Haiku.</subfield>
  </datafield>
  <datafield tag="949" ind1=" " ind2=" ">
    <subfield code="a">PL729</subfield>
    <subfield code="v">VOL. 1</subfield>
    <subfield code="w">lcc</subfield>
    <subfield code="i">-52651</subfield>
    <subfield code="m">MAIN</subfield>
    <subfield code="t">BOOK</subfield>
    <subfield code="l">ON-SHELF</subfield>
  </datafield>
  <datafield tag="949" ind1=" " ind2=" ">
    <subfield code="a">PL729</subfield>
    <subfield code="v">VOL. 2</subfield>
    <subfield code="w">lcc</subfield>
    <subfield code="i">-52652</subfield>
    <subfield code="m">MAIN</subfield>
    <subfield code="t">BOOK</subfield>
    <subfield code="l">ON-SHELF</subfield>
  </datafield>
  <datafield tag="949" ind1=" " ind2=" ">
    <subfield code="a">PL729</subfield>
    <subfield code="v">VOL. 3</subfield>
    <subfield code="w">lcc</subfield>
    <subfield code="i">-52653</subfield>
    <subfield code="m">MAIN</subfield>
    <subfield code="t">BOOK</subfield>
    <subfield code="l">ON-SHELF</subfield>
  </datafield>
  <datafield tag="949" ind1=" " ind2=" ">
    <subfield code="a">PL729</subfield>
    <subfield code="v">VOL. 4</subfield>
    <subfield code="w">lcc</subfield>
    <subfield code="i">-52654</subfield>
    <subfield code="m">MAIN</subfield>
    <subfield code="t">BOOK</subfield>
    <subfield code="l">ON-SHELF</subfield>
  </datafield>
  <controlfield tag="004">42927</controlfield>
  <datafield tag="999" ind1=" " ind2=" ">
    <subfield code="c">96878</subfield>
    <subfield code="d">96878</subfield>
  </datafield>
  <datafield tag="952" ind1=" " ind2=" ">
    <subfield code="0">0</subfield>
    <subfield code="1">0</subfield>
    <subfield code="2">lcc</subfield>
    <subfield code="4">0</subfield>
    <subfield code="7">0</subfield>
    <subfield code="a">MAIN</subfield>
    <subfield code="b">MAIN</subfield>
    <subfield code="c">ON-SHELF</subfield>
    <subfield code="l">0</subfield>
    <subfield code="o">PL729 VOL.1</subfield>
    <subfield code="p">-52651</subfield>
    <subfield code="r">2019-08-19 00:00:00</subfield>
    <subfield code="t">1</subfield>
    <subfield code="w">2019-08-19</subfield>
    <subfield code="y">BOOK</subfield>
  </datafield>
  <datafield tag="952" ind1=" " ind2=" ">
    <subfield code="0">0</subfield>
    <subfield code="1">0</subfield>
    <subfield code="2">lcc</subfield>
    <subfield code="4">0</subfield>
    <subfield code="7">0</subfield>
    <subfield code="a">MAIN</subfield>
    <subfield code="b">MAIN</subfield>
    <subfield code="c">ON-SHELF</subfield>
    <subfield code="l">0</subfield>
    <subfield code="o">PL729 VOL.2</subfield>
    <subfield code="p">-52652</subfield>
    <subfield code="r">2019-08-19 00:00:00</subfield>
    <subfield code="t">1</subfield>
    <subfield code="w">2019-08-19</subfield>
    <subfield code="y">BOOK</subfield>
  </datafield>
  <datafield tag="952" ind1=" " ind2=" ">
    <subfield code="0">0</subfield>
    <subfield code="1">0</subfield>
    <subfield code="2">lcc</subfield>
    <subfield code="4">0</subfield>
    <subfield code="7">0</subfield>
    <subfield code="a">MAIN</subfield>
    <subfield code="b">MAIN</subfield>
    <subfield code="c">ON-SHELF</subfield>
    <subfield code="l">0</subfield>
    <subfield code="o">PL729 VOL.3</subfield>
    <subfield code="p">-52653</subfield>
    <subfield code="r">2019-08-19 00:00:00</subfield>
    <subfield code="t">1</subfield>
    <subfield code="w">2019-08-19</subfield>
    <subfield code="y">BOOK</subfield>
  </datafield>
  <datafield tag="952" ind1=" " ind2=" ">
    <subfield code="0">0</subfield>
    <subfield code="1">0</subfield>
    <subfield code="2">lcc</subfield>
    <subfield code="4">0</subfield>
    <subfield code="7">0</subfield>
    <subfield code="a">MAIN</subfield>
    <subfield code="b">MAIN</subfield>
    <subfield code="c">ON-SHELF</subfield>
    <subfield code="l">0</subfield>
    <subfield code="o">PL729 VOL.4</subfield>
    <subfield code="p">-52654</subfield>
    <subfield code="r">2019-08-19 00:00:00</subfield>
    <subfield code="t">1</subfield>
    <subfield code="w">2019-08-19</subfield>
    <subfield code="y">BOOK</subfield>
  </datafield>
</record>
